| 000 | 00333nam a2200109 a 4500 | ||
|---|---|---|---|
| 005 | 20140414132002.0 | ||
| 008 | 110217s19uu xx 00 eng d | ||
| 050 |
_aTR 420.7 _bN22 2008 |
||
| 100 | _aNavarro, Remedios | ||
| 245 |
_aFrom nouns to intejections : _ba textbook for learners of English as a second language. |
||
| 999 |
_c113097 _d113097 |
||